Being mentored getting what you need
Mentoring, transformative learning, and the teacher education candidate -- Benefiting from the mentoring relationship -- Establishing a mentoring relationship -- Working with specific kinds of mentors -- Identifying challenges in mentored relationships -- Continuing to reflect and learn.
Shranjeno v:
| Glavni avtor: | |
|---|---|
| Format: | Knjiga |
| Jezik: | English |
| Izdano: |
Boston
McGraw-Hill Higher Education
2010
|
| Izdaja: | 1st ed. |
| Teme: | |
| Oznake: |
Označite
Brez oznak, prvi označite!
|
| Thư viện lưu trữ: | Mạng thư viện Đại học Đà Nẵng |
|---|
| LEADER | 01458nam a2200361 4500 | ||
|---|---|---|---|
| 001 | 000018570 | ||
| 003 | 15002 | ||
| 005 | 20131204161242.0 | ||
| 008 | 131125s2010 engsd | ||
| 020 | |a 0073378356 |a 9780073378350 | ||
| 041 | 0 | |a eng | |
| 082 | 0 | 0 | |a 371.102 |b GA-V |
| 100 | 1 | |a Garavuso, Vicki. | |
| 245 | 1 | 0 | |a Being mentored |b getting what you need |c Vicki Garavuso |
| 250 | |a 1st ed. | ||
| 260 | |a Boston |b McGraw-Hill Higher Education |c 2010 | ||
| 300 | |a xii, 116 p. |c 24 cm. | ||
| 504 | |a Includes bibliographical references (p. 102-109) and index. | ||
| 520 | 3 | |a Mentoring, transformative learning, and the teacher education candidate -- Benefiting from the mentoring relationship -- Establishing a mentoring relationship -- Working with specific kinds of mentors -- Identifying challenges in mentored relationships -- Continuing to reflect and learn. | |
| 650 | 0 | |a Mentoring in education | |
| 650 | 0 | |a Teachers |x Training of | |
| 653 | |a Giáo dục | ||
| 653 | |a Giáo viên | ||
| OWN | |a LSP | ||
| AVA | |a UDN50 |b LSP |d 371.102 GA-V |e available |t Error 5001 Not defined in file expand_doc_bib_avail. |f 1 |g 0 |h N |i 0 |k 1 | ||
| 999 | |a From the UDN01 | ||
| AVA | |a UDN50 |b LSP |d 371.102 GA-V |e available |t Error 5001 Not defined in file expand_doc_bib_avail. |f 1 |g 0 |h N |i 0 |k 1 | ||
| TYP | |a Monograph | ||
| TYP | |a Printed language | ||
| 980 | |a Mạng thư viện Đại học Đà Nẵng | ||


